| 000 | 01422nam a2200253Ia 4500 | ||
|---|---|---|---|
| 999 |
_c55967 _d55967 |
||
| 001 | 23066 | ||
| 003 | GE_BSU | ||
| 005 | 20230329141343.0 | ||
| 008 | 181216s1988ge xx |||||||||||||| ||geo|| | ||
| 040 | _cGE_BSU | ||
| 041 | _ageo | ||
| 080 | _a821.124-1 ჰ-81 | ||
| 100 |
_aჰორაციუს კვინტუს ფლაკუსი _917328 |
||
| 245 |
_aოდები : ლექსები / _c კვინტუს ფლაკუსი ჰორაციუს, ლათ. თარგმნა მ. იმნაძემ ; რედ., წერილი "ჰორაციუსი და მისი პოეზია" და შენიშვნები აკ. ურუშაძისა |
||
| 264 |
_aთბილისი : _bთბილ. უნ-ტის გამ-ბა, _c1988. |
||
| 300 |
_a238 გვ. : _bილ. ; _c 20 სმ. |
||
| 501 | _aშენიშვნები: გვ. 187-225. - სახელთა საძიებელი: გვ. 226-236 | ||
| 541 | _h2ლ.60თ. | ||
| 653 | _aანტიკური კულტურა | ||
| 653 | _aოდები : ლექსები | ||
| 700 |
_aიმნაძე, მ _eმთარგმნელი _91559 |
||
| 700 |
_aურუშაძე, ა _eწერილი "ჰორაციუსი და მისი პოეზია" და შენიშვნები _93915 |
||
| 942 |
_cBK _2udc |
||